01145naa a2200193Ia 4500008004100000082000800041083000800049099000800057100002500065245012400090264005200214300000700266520045200273650005100725650003300776942001200809999001300821952011700834200107s2014 xx 000 0 und d bAb9 aAb9 a813 aAbueva, Estela9157610aExtent of teachers information communication and technology (ICT) competency in relation to their teaching performance. aDumaguete CitybFoundation Uiniversity, c2014. a85 aInvestigates the extent of teacher's ICT competency and how related to their teaching performance; reveals that most of the teachers are in the middle adulthood stage and have earned the teaching profession for almost two decades; also reveals that the younger teachers have ICT competency than the older teachers, and those who are new in the teaching profession also have higher ICT competency than those who serve the school for for along time. aInformation communication and technology91577 aEducational technology.9186 2ddccBK c813d813 00102ddc4070aFOUNDATIONbFOUNDATIONcTd2017-06-19eDonatedoAb9p60587r2022-02-23 00:00:00w2022-02-23yBK